| 000 | 01501cam a2200361 i 4500 | ||
|---|---|---|---|
| 001 | 016453750 | ||
| 003 | EG-ScBUE | ||
| 005 | 20240229110443.0 | ||
| 008 | 130527s2013 enka f bd 001 0 eng d | ||
| 020 | _a9781107676756 (pbk.) | ||
| 040 |
_aStDuBDS _beng _erda _cStDuBDS _dEG-ScBUE |
||
| 082 | 0 | 4 |
_a940.548641 _222 _bGRE |
| 100 | 1 |
_aGrey, Christopher, _d1964- _eauthor. _939242 |
|
| 245 | 1 | 0 |
_aDecoding organization : _bBletchley Park, codebreaking and organization studies / _cChristopher Grey. |
| 250 | _3First edition. | ||
| 264 | 1 |
_aCambridge, UK : _bCambridge University Press, _c2013. |
|
| 300 |
_axviii, 322 pages : _billustrations ; _c23 cm |
||
| 336 |
_2rdacontent _atext _btxt |
||
| 337 |
_aunmediated _2rdamedia _bn |
||
| 338 |
_avolume _bnc _2rdacarrier |
||
| 500 | _aIncludes glossary. | ||
| 504 | _aIncludes bibliographical references and index. | ||
| 610 | 1 | 7 |
_aGreat Britain. _bGovernment Communications Headquarters _xHistory. _2BUEsh |
| 650 | 7 |
_aWorld War, 1939-1945 _xCryptography. _2BUEsh |
|
| 650 | 7 |
_aWorld War, 1939-1945 _xSecret service _zGreat Britain. _2BUEsh |
|
| 650 | 7 |
_aWorld War, 1939-1945 _xElectronic intelligence _zGreat Britain. _2BUEsh |
|
| 650 | 7 |
_aIntelligence service _xSocial aspects _zGreat Britain _xHistory _y20th century. _2BUEsh |
|
| 650 | 7 |
_aWorld War, 1939-1945 _zEngland _zBletchley (Buckinghamshire) _xHistory _y20th century. _2BUEsh |
|
| 651 | _2BUEsh | ||
| 653 |
_bBUSADM _bBUSBOL _cAugust2015 _cJanuary2016 |
||
| 655 | _vReading book | ||
| 942 |
_2ddc _cBB |
||
| 999 |
_c20438 _d20410 |
||